000 00751nam a22002057a 4500
003 JO-AjAnu
005 20240709104400.0
008 240708b jo ||||| |||| 00| 0 ara d
040 _aJO-AjAnu
_beng
_cJO-AjAnu
_erda
041 _aeng
_heng
050 _aQA326
_b2024
100 1 _aAL Azzam، Mahmoud Ahmad
_eprepared
_966096
245 0 _aSharper Numerical Radius Inequalities /
_cPreparation Mahmoud Ahmad AL Azzam - Supervisor Mohammad AL-Hawari
260 _c2024
300 _a45 paper
500 _aUniversity thesis (Master’s thesis in mathematics), Ajloun National University (Ajloun, Jordan), College of Science, 2024
650 7 0 _aRadius Inequalities
_966097
700 1 _aAl-hawari mohammad
_966046
_eSupervisor
942 _2lcc
_cTHS
_n0
999 _c33598
_d33598